Central Library OPAC University of Rajshahi

Social welfare policy, second collection : (Record no. 22915)

MARC details
000 -LEADER
fixed length control field 01075nam a2200289 a 4500
001 - CONTROL NUMBER
control field 22915
003 - CONTROL NUMBER IDENTIFIER
rucl marc code BD-RjUL
005 - DATE AND TIME OF LATEST TRANSACTION
control field 20211209000853.0
008 - FIXED-LENGTH DATA ELEMENTS--GENERAL INFORMATION
fixed length control field 140309s1963 ne 000 0 eng d
035 ## - SYSTEM CONTROL NUMBER
System control number (BD-RjUL)22980
System control number (CStRLIN)MIUGAFT8173-B
040 ## - CATALOGING SOURCE
Original cataloging agency BD-RjUL
Transcribing agency SAZTEC
Modifying agency CStRLIN
-- BD-RjUL
Language of cataloging eng
041 ## - LANGUAGE CODE
Language code of text/sound track or separate title eng
082 04 - DEWEY DECIMAL CLASSIFICATION NUMBER
Edition number 22
Classification number 361.61
Author mark and year SOC 1963
245 00 - TITLE STATEMENT
Title Social welfare policy, second collection :
Remainder of title contributions to methodology /
Statement of responsibility, etc. by Katayun H. Cama ... [et al.] ; edited by J.A. Ponsioen.
260 ## - PUBLICATION, DISTRIBUTION, ETC. (IMPRINT)
Place of publication, distribution, etc. The Hague :
Name of publisher, distributor, etc. Mouton,
Date of publication, distribution, etc. 1963.
300 ## - PHYSICAL DESCRIPTION
Pagination 178 p. ;
Size 25 cm.
490 1# - SERIES STATEMENT
Series statement Publications of the Institute of Social Studies. Series maior ;
Volume/sequential designation v. 9
504 ## - BIBLIOGRAPHY, ETC. NOTE
Bibliography, etc Includes bibliography.
650 #0 - SUBJECT ADDED ENTRY--TOPICAL TERM
Topical term or geographic name as entry element Social policy.
9 (RLIN) 70656
Topical term or geographic name as entry element Community development.
9 (RLIN) 70657
700 1# - ADDED ENTRY--PERSONAL NAME
Personal name Ponsioen, J. A.
Fuller form of name (Johannes Antonius),
Dates associated with a name 1911-
Personal name Cama, Katayun H.
Fuller form of name (Katayun Hormusji),
Dates associated with a name 1908-
830 #0 - SERIES ADDED ENTRY--UNIFORM TITLE
Volume number/sequential designation 9
Uniform title Publication (Institute of Social Studies (s'Gravenhage)). Ser. maior ;
942 ## - ADDED ENTRY ELEMENTS (KOHA)
Source of classification or shelving scheme Dewey Decimal Classification
Koha item type Books
Holdings
Lost status Source of classification or shelving scheme Damaged status Not for loan Collection code Permanent Location Current Location Shelving location Date acquired Source of acquisition Cost, normal purchase price Total Checkouts Full call number Date last seen Copy number Koha item type
  Dewey Decimal Classification     Non-fiction Central Library, University of Rajshahi Central Library, University of Rajshahi   17/07/1969 Mirza Book Agency. 30.00   361.61 SOC 1963 09/03/2014 C-3 Books
  Dewey Decimal Classification     Non-fiction Central Library, University of Rajshahi Central Library, University of Rajshahi   17/07/1969 allirza Book Agency 30.00   361.61 SOC 1963 22/08/2016 C-2 Books
  Dewey Decimal Classification     Non-fiction Central Library, University of Rajshahi Central Library, University of Rajshahi   21/04/1982       361.61 SOC 1963 29/08/2016 C-4 Books